000 00593nam a2200241 a 4500
003 AR-BaBNM
005 20251128203617.0
008 082120s2002 ||||||||||||||000 | spa||
040 _cAR-BaBNM
100 1 _aPérez Galdós, Benito
245 0 0 _aDoña perfecta
_bnovela
260 _aBuenos Aires
_bEdiciones Anaconda
_c[ca. 1940]
300 _a222 p.
490 0 _aJoyas literarias
650 4 _aANALISIS LITERARIO
650 4 _aREALISMO
650 4 _aNOVELAS
650 4 _aLITERATURA ESPAÑOLA
653 _aNATURALISMO
655 _aLITERATURA
942 _cBK
998 _cisola
999 _c4124
_d4124